Aprender para el futuro: aprendizaje y vida activa
Spremljeno u:
| Autor kompanije: | |
|---|---|
| Format: | Knjiga |
| Jezik: | španjolski |
| Izdano: |
Madrid
Fundación Santillana
1994
|
| Teme: | |
| Oznake: |
Dodaj oznaku
Bez oznaka, Budi prvi tko označuje ovaj zapis!
|
MARC
| LEADER | 00000nam a2200000 a 4500 | ||
|---|---|---|---|
| 001 | UCR6990 | ||
| 003 | CL-VaPUC | ||
| 005 | 20220315074415.0 | ||
| 008 | 980430e19940000sp 1 spa d | ||
| 082 | 0 | 4 | |a 371.3 |b FUN |2 21 |
| 110 | 2 | |a Fundación Santillana |e author |9 618944 | |
| 245 | 1 | 0 | |a Aprender para el futuro: aprendizaje y vida activa |
| 260 | |a Madrid |b Fundación Santillana |c 1994 | ||
| 300 | |a 61 p | ||
| 583 | |a last modification |c 19980430 00:00:00 |k Rodrigo Vera | ||
| 650 | 0 | 0 | |a Aprendizaje |9 254827 |
| 650 | 0 | 0 | |a Educación básica |9 224933 |
| 650 | 0 | 0 | |a Educación superior |9 223851 |
| 650 | 0 | 7 | |a NUEVAS TECNOLOGIAS |2 CL-VaPUC |9 618945 |
| 650 | 0 | 0 | |a Desarrollo humano |9 349614 |
| 650 | 0 | 0 | |a Congresos |9 257560 |
| 942 | |c BK | ||
| 945 | |a rbrito |d 19980430 00:00:00 | ||
| 546 | |a En Español | ||
| 536 | |a Fundación Santillana | ||
| 518 | |p Semana monográfica,9,Madrid, noviembre de 1994 | ||
| 999 | |c 383170 |d 383168 | ||
| 952 | |0 0 |1 0 |4 0 |6 371_300000000000000_FUN_1994 |7 0 |8 A |9 505212 |a BIBEDU |b BIBEDU |d 2020-01-23 |i 3404803 |o 371.3 FUN 1994 |p 3404803 |r 2020-01-23 |w 2020-01-23 |y BK |k EPE | ||
| 952 | |0 0 |1 0 |4 0 |6 371_300000000000000_FUN_1994 |7 0 |8 A |9 505213 |a BIBEDU |b BIBEDU |d 2020-01-23 |i 3418936 |o 371.3 FUN 1994 |p 3418936 |r 2020-01-23 |w 2020-01-23 |y BK |k BME | ||